電化されている私鉄・三セクの路線 その2(サドンデス) - Statistics

General Stats
  • This quiz has been taken 135 times
  • The average score is 11 of 17
Answers on the Grid
Answers color-coded by a green-red scale on the quiz's grid according to % correct below.
弘南鉄道弘南線
由利高原鉄道線
秋田内陸縦貫鉄道線
山形鉄道フラワー長井線
福島交通飯坂線
関東鉄道常総線
野岩鉄道線
真岡鐵道線
小湊鐵道線
箱根登山鉄道線
富山地鉄上滝線
北陸鉄道浅野川線
えちぜん鉄道永平寺勝山線
富士急行線
長良川鉄道線
明智鉄道線
天竜浜名湖鉄道線
伊豆箱根鉄道駿豆線
大井川鐵道井川線
JR東海交通事業城北線
豊橋鉄道渥美線
名古屋臨海高速鉄道あおなみ線
三岐鉄道北勢線
養老鉄道線
四日市あすなろう鉄道八王子線
信楽高原鉄道線
近江鉄道多賀線
京都丹後鉄道宮舞線
神戸電鉄粟生線
智頭急行線
水島臨海鉄道線
阿佐海岸鉄道線
伊予鉄道高浜線
土佐くろしお鉄道中村線
平成筑豊鉄道糸田線
平成筑豊鉄道田川線
 
Answer Stats
Answer % Correct
富士急行線
82%
箱根登山鉄道線
74%
名古屋臨海高速鉄道あおなみ線
71%
富山地鉄上滝線
69%
弘南鉄道弘南線
68%
神戸電鉄粟生線
67%
北陸鉄道浅野川線
66%
福島交通飯坂線
65%
伊豆箱根鉄道駿豆線
65%
えちぜん鉄道永平寺勝山線
63%
豊橋鉄道渥美線
63%
野岩鉄道線
62%
養老鉄道線
59%
近江鉄道多賀線
59%
三岐鉄道北勢線
58%
四日市あすなろう鉄道八王子線
58%
伊予鉄道高浜線
51%
No matching quizzes found
Score Distribution
Percent of People with Each Score
Percentile by Number Answered
Your Score History
You have not taken this quiz